[Event "Cairo Egyptian op"]
[Site "Cairo"]
[Date "2015.11.19"]
[Round "6"]
[White "Ismail, Hamed"]
[Black "Sadek, Sameh"]
[Result "0-1"]
[WhiteElo "2244"]
[BlackElo "2280"]
[PlyCount "120"]
[EventDate "2015.11.15"]
[EventType "swiss"]
[EventRounds "11"]
[EventCountry "EGY"]
[SourceTitle "CBM 170 Extra"]
[Source "ChessBase"]
[SourceDate "2016.02.25"]
[SourceVersion "1"]
[SourceVersionDate "2016.02.25"]
[SourceQuality "1"]

1. d4 d5 2. Nf3 Nf6 3. c4 c6 4. Nc3 e6 5. e3 Nbd7 6. Bd3 dxc4 7. Bxc4 b5 8. Bd3 Bd6 9. a4 b4 10. Ne4 Nxe4 11. Bxe4 Bb7 12. a5 Rc8 13. 0-0 0-0 14. a6 Ba8 15. Bd2 Nf6 16. Bd3 c5 17. dxc5 Bxh2+ 18. Kxh2 Qxd3 19. Bxb4 Qg6 20. Rh1 Ne4 21. Kg1 Rfd8 22. Qc2 Nxc5 23. Qxg6 hxg6 24. Ne5 Rd5 25. Bc3 Nb3 26. Ra3 Nc1 27. e4 Rd1+ 28. Kh2 Rxh1+ 29. Kxh1 f6 30. Ng4 Bxe4 31. Bd4 Rc7 32. Rc3 Rxc3 33. bxc3 Bd3 34. Bxa7 Bxa6 35. Be3 Nd3 36. f3 Nb2 37. Kg1 Kf7 38. Bc1 Na4 39. Bd2 g5 40. Kf2 e5 41. Ne3 Ke6 42. g4 g6 43. Nc2 Kd6 44. Na3 Kd5 45. Ke1 Nb2 46. Kf2 Nd3+ 47. Kg3 Nc5 48. Be3 Ne6 49. Bb6 f5 50. Ba5 Bd3 51. Bb4 e4 52. fxe4+ Kxe4 53. Ba5 Be2 54. gxf5 gxf5 55. Bb6 f4+ 56. Kf2 Bd3 57. c4 g4 58. Nb5 Bxc4 59. Nd6+ Kd3 60. Nf7 g3+ 0-1

[Event "Cairo Masters op"]
[Site "Cairo"]
[Date "2014.02.25"]
[Round "7"]
[White "Zayan, Osama"]
[Black "Ismail, Hamed"]
[Result "1-0"]
[WhiteElo "2250"]
[BlackElo "2257"]
[PlyCount "79"]
[EventDate "2014.02.20"]
[EventType "swiss"]
[EventRounds "9"]
[EventCountry "EGY"]
[SourceTitle "EXT 2015"]
[Source "ChessBase"]
[SourceDate "2014.11.20"]
[SourceVersion "1"]
[SourceVersionDate "2014.11.20"]
[SourceQuality "1"]

1. e4 c6 2. d4 d5 3. Nc3 dxe4 4. Nxe4 Nf6 5. Nxf6+ exf6 6. c3 Be6 7. Bd3 Bd6 8. Ne2 Qc7 9. Be3 Nd7 10. c4 b6 11. Qc2 g6 12. 0-0-0 f5 13. g3 f6 14. h3 c5 15. d5 Bf7 16. f4 0-0-0 17. g4 fxg4 18. hxg4 Rde8 19. Bd2 Kb7 20. Rdf1 a6 21. Rh3 h5 22. Ng3 Rhg8 23. gxh5 gxh5 24. Bf5 b5 25. Ne4 Rxe4 26. Qxe4 Nb6 27. Ba5 Re8 28. Be6 Qe7 29. Bxb6 Kxb6 30. Re1 Rg8 31. f5 Rg4 32. Qe2 Rxc4+ 33. Kb1 Rd4 34. Re3 Kc7 35. Bc8 Qd8 36. Bxa6 Qd7 37. Qxb5 Qxb5 38. Bxb5 Rg4 39. Ra3 Kb6 40. Bc6 1-0

[Event "Arab Cities-chT 5th"]
[Site "Beirut"]
[Date "2007.04.13"]
[Round "7"]
[White "Ismail, Hamed"]
[Black "Najjar, Ahmad"]
[Result "0-1"]
[WhiteElo "2328"]
[BlackElo "2326"]
[PlyCount "114"]
[EventDate "2007.04.08"]
[EventType "team"]
[EventRounds "9"]
[EventCountry "LBN"]
[SourceTitle "CBM 117 Extra"]
[Source "ChessBase"]
[SourceDate "2007.05.09"]
[SourceVersion "1"]
[SourceVersionDate "2007.05.09"]
[SourceQuality "1"]

1. c4 e6 2. Nf3 d5 3. d4 c6 4. Qc2 f5 5. b3 Nf6 6. e3 Bd6 7. Be2 0-0 8. 0-0 Bd7 9. Ne5 Be8 10. Ba3 Bxa3 11. Nxa3 Qe7 12. Qb2 Nbd7 13. Nxd7 Bxd7 14. Rfd1 Rf7 15. Nc2 g5 16. Qa3 Qxa3 17. Nxa3 h5 18. Nc2 Rh7 19. Ne1 Ne4 20. Nd3 Rf8 21. Rac1 h4 22. Ne5 Be8 23. f3 Nd6 24. Bd3 Rg7 25. Rf1 Nf7 26. Nxf7 Rfxf7 27. Rc2 Rf6 28. g3 Bh5 29. Kf2 g4 30. f4 Be8 31. Rh1 Bd7 32. Rcc1 Rh6 33. Rcg1 Rgh7 34. Kg2 dxc4 35. bxc4 c5 36. d5 Kf7 37. e4 exd5 38. exd5 Ke7 39. Rb1 b6 40. Rbe1+ Kd6 41. h3 hxg3 42. hxg4 Rxh1 43. Rxh1 Rxh1 44. Kxh1 fxg4 45. Kg2 b5 46. Kxg3 a6 47. cxb5 axb5 48. f5 Kxd5 49. Kxg4 Kd4 50. Bb1 b4 51. Kf4 c4 52. f6 Be6 53. Kf3 Bf7 54. Ke2 Kc3 55. Ke3 Kb2 56. Be4 c3 57. Kd4 c2 0-1

[Event "Arab Cities-chT 5th"]
[Site "Beirut"]
[Date "2007.04.10"]
[Round "3"]
[White "Ismail, Hamed"]
[Black "Abdelnabbi, Imed"]
[Result "0-1"]
[WhiteElo "2328"]
[BlackElo "2467"]
[PlyCount "94"]
[EventDate "2007.04.08"]
[EventType "team"]
[EventRounds "9"]
[EventCountry "LBN"]
[SourceTitle "CBM 117 Extra"]
[Source "ChessBase"]
[SourceDate "2007.05.09"]
[SourceVersion "1"]
[SourceVersionDate "2007.05.09"]
[SourceQuality "1"]

1. Nf3 c5 2. g3 Nc6 3. c4 g6 4. Bg2 Bg7 5. Nc3 Nf6 6. 0-0 0-0 7. d3 b6 8. Rb1 Bb7 9. a3 Nd4 10. e4 Nxf3+ 11. Bxf3 d6 12. Bg2 Nd7 13. f4 a6 14. Be3 Nb8 15. d4 Nc6 16. Ne2 cxd4 17. Nxd4 Qc7 18. Nc2 Rac8 19. b3 Nb8 20. Nb4 e6 21. f5 a5 22. Nd3 exf5 23. exf5 Rfe8 24. Bf2 Nd7 25. Nf4 Bxg2 26. Kxg2 a4 27. Nd5 Qc6 28. fxg6 hxg6 29. Kg1 axb3 30. Rxb3 Qxc4 31. Nxb6 Nxb6 32. Rxb6 d5 33. Rb4 Qa2 34. Bd4 Re2 35. Bf2 Rcc2 36. Rf4 Bh6 37. Qd4 Bxf4 38. Qxf4 Qxa3 39. Qg5 Qd6 40. Qh4 Rxf2 41. Rxf2 Qb6 42. Qf6 Rc1+ 43. Kg2 Qxf6 44. Rxf6 Rc2+ 45. Kf3 Rxh2 46. Rd6 Rd2 47. Ke3 Rd1 0-1

[Event "Arab Cities-chT 5th"]
[Site "Beirut"]
[Date "2007.04.10"]
[Round "4"]
[White "Mohammed, Zozek Salah Mohamme"]
[Black "Ismail, Hamed"]
[Result "1-0"]
[WhiteElo "2204"]
[BlackElo "2328"]
[PlyCount "91"]
[EventDate "2007.04.08"]
[EventType "team"]
[EventRounds "9"]
[EventCountry "LBN"]
[SourceTitle "CBM 117 Extra"]
[Source "ChessBase"]
[SourceDate "2007.05.09"]
[SourceVersion "1"]
[SourceVersionDate "2007.05.09"]
[SourceQuality "1"]

1. d4 d5 2. c4 e6 3. Nc3 Nf6 4. Nf3 c6 5. e3 Nbd7 6. Bd3 dxc4 7. Bxc4 b5 8. Bd3 a6 9. e4 c5 10. e5 cxd4 11. Nxb5 axb5 12. exf6 Qb6 13. fxg7 Bxg7 14. Qe2 b4 15. Bd2 Bb7 16. Bb5 b3 17. Bxd7+ Kxd7 18. a4 Ba6 19. Ne5+ Ke8 20. Nd3 e5 21. 0-0 Qg6 22. Qf3 Rc8 23. Rfc1 e4 24. Rxc8+ Bxc8 25. Re1 f5 26. Qf4 Qb6 27. Rc1 Bd7 28. Nc5 Rf8 29. a5 Qa7 30. Bb4 Bf6 31. Nxd7 Qxd7 32. Rc7 Qe6 33. Bxf8 Kxf8 34. Qh6+ Ke8 35. Qxh7 d3 36. Rb7 Be7 37. Qh5+ Kf8 38. Qh8+ Kf7 39. Qh7+ Ke8 40. Rb8+ Kd7 41. Qh8 Qc6 42. Qe8+ Kd6 43. Rb6 Qxb6 44. axb6 d2 45. Qh5 Bf6 46. Qd1 1-0

[Event "Arab-chT Clubs"]
[Site "Amman"]
[Date "2006.05.??"]
[Round "5"]
[White "Adly, Ahmed"]
[Black "Ismail, Hamed"]
[Result "0-1"]
[WhiteElo "2460"]
[BlackElo "2334"]
[PlyCount "100"]
[EventDate "2006.05.??"]
[EventType "team"]
[EventRounds "8"]
[EventCountry "JOR"]
[SourceTitle "CBM 112 Extra"]
[Source "ChessBase"]
[SourceDate "2006.07.14"]
[SourceVersion "1"]
[SourceVersionDate "2006.07.14"]
[SourceQuality "1"]

1. d4 Nf6 2. c4 e6 3. Nc3 d5 4. Nf3 b6 5. cxd5 exd5 6. e3 Bd6 7. Bd3 0-0 8. Ne5 Bb7 9. 0-0 a6 10. Qc2 c5 11. b3 Qe7 12. Bb2 b5 13. Ne2 Rc8 14. Rac1 g6 15. Qd1 c4 16. Bb1 Nbd7 17. f4 Ba3 18. Bxa3 Qxa3 19. Nc3 Qe7 20. Qf3 b4 21. Ne2 c3 22. Qh3 Bc6 23. Ng3 Ne4 24. Bd3 f5 25. Nxe4 Nxe5 26. fxe5 fxe4 27. Be2 Bd7 28. Qh6 Rf8 29. Rxf8+ Qxf8 30. Qh4 a5 31. Rf1 Qd8 32. Qe1 Qg5 33. Rf4 a4 34. Bd1 a3 35. Qf1 Qe7 36. Kf2 Rf8 37. Ke1 Rxf4 38. Qxf4 Bb5 39. Bg4 Qf7 40. g3 h5 41. Bh3 Bc4 42. Be6 Qxe6 43. bxc4 b3 44. cxd5 Qf7 45. d6 Qxf4 46. gxf4 bxa2 47. d7 a1Q+ 48. Kf2 Qa2+ 49. Kg3 Qd5 50. e6 a2 0-1

[Event "Arab-chT Clubs"]
[Site "Amman"]
[Date "2006.05.??"]
[Round "1"]
[White "Ares, Saber Majeed"]
[Black "Ismail, Hamed"]
[Result "1/2-1/2"]
[WhiteElo "2127"]
[BlackElo "2334"]
[PlyCount "82"]
[EventDate "2006.05.??"]
[EventType "team"]
[EventRounds "8"]
[EventCountry "JOR"]
[SourceTitle "CBM 112 Extra"]
[Source "ChessBase"]
[SourceDate "2006.07.14"]
[SourceVersion "1"]
[SourceVersionDate "2006.07.14"]
[SourceQuality "1"]

1. d4 d5 2. c4 c6 3. Nc3 Nf6 4. Nf3 e6 5. e3 Be7 6. Bd3 dxc4 7. Bxc4 b5 8. Bd3 a6 9. 0-0 c5 10. Qe2 Nbd7 11. Rd1 Bb7 12. Ne5 Qc7 13. f4 0-0 14. Nxd7 Nxd7 15. Ne4 f5 16. Ng5 Qb6 17. Bd2 Rae8 18. Bc3 h6 19. Nf3 b4 20. Be1 Bf6 21. Ne5 Nb8 22. dxc5 Qxc5 23. Rac1 Qb6 24. Nc4 Qc5 25. Ne5 Qb6 26. Nc4 Qc5 27. Bb1 Bd5 28. Ne5 Qd6 29. Nf3 Rc8 30. Qd2 Rxc1 31. Rxc1 a5 32. e4 fxe4 33. Bxe4 Bxb2 34. Qxb2 Bxe4 35. Bg3 Bxf3 36. gxf3 Qb6+ 37. Kg2 Nd7 38. Rd1 Nf6 39. Qe5 Nd5 40. Rd2 Rf5 41. Qe4 a4 1/2-1/2

[Event "Africa-ch"]
[Site "Lusaka"]
[Date "2005.11.11"]
[Round "6"]
[White "Sousa, Armindo"]
[Black "Ismail, Hamed"]
[Result "1/2-1/2"]
[WhiteElo "2207"]
[BlackElo "2353"]
[PlyCount "100"]
[EventDate "2005.11.05"]
[EventType "swiss"]
[EventRounds "9"]
[EventCountry "ZAM"]
[SourceTitle "EXT 2006"]
[Source "ChessBase"]
[SourceDate "2005.11.24"]
[SourceVersion "1"]
[SourceVersionDate "2005.11.24"]
[SourceQuality "1"]

1. e4 c6 2. d3 d5 3. Nd2 e5 4. Ngf3 Bd6 5. g3 Nf6 6. Bg2 Bg4 7. h3 Bh5 8. 0-0 0-0 9. Re1 Re8 10. c3 Nbd7 11. Qc2 Bf8 12. Nf1 dxe4 13. dxe4 Nc5 14. Bg5 h6 15. Rad1 Qe7 16. Bc1 Rad8 17. Rd2 Rxd2 18. N1xd2 Rd8 19. Bf1 Nfd7 20. b4 Ne6 21. Bg2 b5 22. a4 a6 23. axb5 cxb5 24. Nf1 Rc8 25. Qd3 Nb6 26. Ne3 Qc7 27. Bd2 Rd8 28. Nd5 Qd6 29. Nh4 Nc7 30. Nf5 Qe6 31. g4 Bg6 32. Rd1 Nc4 33. Bc1 Kh8 34. Qe2 Qc8 35. Nde7 Rxd1+ 36. Qxd1 Qe8 37. Nxg6+ fxg6 38. Ne3 Nd6 39. Nd5 Ne6 40. Be3 Qc6 41. Qf3 g5 42. h4 gxh4 43. Bxh6 Qe8 44. Be3 Qg6 45. Bc5 Kg8 46. Bxd6 Bxd6 47. Qf5 Qf7 48. Bf1 g6 49. Qxf7+ Kxf7 50. c4 Nd4 1/2-1/2

[Event "Tanta op 6th"]
[Site "Tanta"]
[Date "2003.12.15"]
[Round "8"]
[White "Abdel Razik, Khaled"]
[Black "Ismail, Hamed"]
[Result "1-0"]
[WhiteElo "2380"]
[BlackElo "2335"]
[PlyCount "115"]
[EventDate "2003.12.07"]
[EventType "swiss"]
[EventRounds "9"]
[EventCountry "EGY"]
[SourceTitle "CBM 097 Extra"]
[Source "ChessBase"]
[SourceDate "2004.01.13"]
[SourceVersion "1"]
[SourceVersionDate "2004.01.13"]
[SourceQuality "1"]

1. d4 d5 2. c4 c6 3. Nf3 Nf6 4. Nc3 e6 5. Bg5 Be7 6. e3 Nbd7 7. Qc2 dxc4 8. Bxc4 b5 9. Be2 Bb7 10. 0-0 a6 11. Rad1 h6 12. Bxf6 Nxf6 13. e4 Rc8 14. a3 a5 15. Rfe1 0-0 16. Bd3 Qc7 17. e5 Nd7 18. Qe2 Rfd8 19. Qe4 Nf8 20. Qg4 b4 21. axb4 axb4 22. Ne4 c5 23. Nf6+ Kh8 24. Ng5 Bxf6 25. exf6 gxf6 26. Qh5 Kg7 27. Ne4 Rxd4 28. Ng3 Ng6 29. Rxe6 fxe6 30. Qxg6+ Kf8 31. Qxf6+ Qf7 32. Qxh6+ Ke7 33. h3 Rf8 34. Qg5+ Kd6 35. Qe3 Bd5 36. Ne2 Qg7 37. Qg3+ Qxg3 38. fxg3 e5 39. Nxd4 exd4 40. g4 c4 41. Bxc4 Bxc4 42. Rxd4+ Kc5 43. Rd1 Re8 44. Rd2 Rf8 45. g5 Bd5 46. h4 Kc4 47. Kh2 Be4 48. Kh3 Bg6 49. g4 Rf3+ 50. Kh2 Be4 51. h5 Rf4 52. Kg3 Rf3+ 53. Kh4 Rf1 54. g6 Rh1+ 55. Kg5 Kb3 56. g7 Bh7 57. Rd8 Kxb2 58. Kh6 1-0

[Event "Tanta op 6th"]
[Site "Tanta"]
[Date "2003.12.13"]
[Round "6"]
[White "Ismail, Hamed"]
[Black "Yasseen, Aly"]
[Result "1/2-1/2"]
[WhiteElo "2335"]
[BlackElo "2327"]
[PlyCount "43"]
[EventDate "2003.12.07"]
[EventType "swiss"]
[EventRounds "9"]
[EventCountry "EGY"]
[SourceTitle "CBM 097 Extra"]
[Source "ChessBase"]
[SourceDate "2004.01.13"]
[SourceVersion "1"]
[SourceVersionDate "2004.01.13"]
[SourceQuality "1"]

1. d4 d5 2. Nf3 Nf6 3. b3 g6 4. Bb2 Bg7 5. e3 Nbd7 6. Nbd2 0-0 7. Bd3 c5 8. c3 a6 9. 0-0 b5 10. c4 Rb8 11. Qc2 bxc4 12. bxc4 Bb7 13. Rfd1 Qc7 14. Rac1 Rfc8 15. dxc5 e5 16. Be2 e4 17. Nd4 Nxc5 18. cxd5 Bxd5 19. N4b3 Nxb3 20. Qxc7 Nxc1 21. Qxc8+ Rxc8 22. Rxc1 1/2-1/2

[Event "Tanta op 6th"]
[Site "Tanta"]
[Date "2003.12.08"]
[Round "2"]
[White "Ismail, Hamed"]
[Black "Abdelnabbi, Imed"]
[Result "0-1"]
[WhiteElo "2335"]
[BlackElo "2484"]
[PlyCount "82"]
[EventDate "2003.12.07"]
[EventType "swiss"]
[EventRounds "9"]
[EventCountry "EGY"]
[SourceTitle "CBM 097 Extra"]
[Source "ChessBase"]
[SourceDate "2004.01.13"]
[SourceVersion "1"]
[SourceVersionDate "2004.01.13"]
[SourceQuality "1"]

1. d4 Nf6 2. c4 e6 3. a3 d5 4. Nc3 c5 5. e3 Nc6 6. Nf3 a6 7. dxc5 Bxc5 8. b4 Bd6 9. cxd5 exd5 10. Be2 0-0 11. Bb2 Re8 12. 0-0 Bg4 13. Rc1 Bb8 14. Re1 Qd6 15. g3 Ba7 16. Na4 Ne4 17. Nd4 Bd7 18. Nc3 Nxd4 19. exd4 Qf6 20. Nxe4 Rxe4 21. Bf1 Bxd4 22. Bxd4 Rxd4 23. Qc2 h5 24. Rcd1 Rc8 25. Qb3 Rxd1 26. Qxd1 Qf5 27. Bd3 Qg5 28. h4 Qh6 29. Be2 Re8 30. Bf3 Rxe1+ 31. Qxe1 Bc6 32. Qd1 Qd6 33. Bxh5 d4 34. Qb3 g6 35. Be2 Qe5 36. Bf3 Qe1+ 37. Kg2 Qc3 38. Qd1 d3 39. g4 Qc2 40. Kg3 Bxf3 41. Qxf3 d2 0-1

[Event "Golden Cleopatra op 7th"]
[Site "Cairo"]
[Date "2003.06.11"]
[Round "10"]
[White "Vysochin, Spartak"]
[Black "Ismail, Hamed"]
[Result "1-0"]
[WhiteElo "2551"]
[BlackElo "2314"]
[PlyCount "73"]
[EventDate "2003.06.03"]
[EventType "swiss"]
[EventRounds "10"]
[EventCountry "EGY"]
[SourceTitle "CBM 094 Extra"]
[Source "ChessBase"]
[SourceDate "2003.07.09"]
[SourceVersion "2"]
[SourceVersionDate "2003.07.09"]
[SourceQuality "1"]

1. e4 c6 2. d4 d5 3. exd5 cxd5 4. c4 Nf6 5. Nc3 e6 6. Nf3 Bb4 7. cxd5 Nxd5 8. Bd2 Nc6 9. Bd3 Nf6 10. 0-0 0-0 11. a3 Be7 12. Be3 b6 13. Qe2 Bb7 14. Rac1 Rc8 15. Rfd1 h6 16. h3 Na5 17. Ne5 Qd6 18. Bc2 Rfd8 19. Qd3 a6 20. b4 Nc6 21. Ng4 Nb8 22. Nxf6+ Bxf6 23. Qh7+ Kf8 24. Be4 Qd7 25. Bf4 Ke7 26. d5 Bxc3 27. Rxc3 Rxc3 28. Qxg7 exd5 29. Qxc3 Qc6 30. Qd2 Rg8 31. Bf3 Nd7 32. Re1+ Kd8 33. Qe3 Qf6 34. Rc1 Qe6 35. Qc3 Qf5 36. Qc7+ Ke7 37. Re1+ 1-0

[Event "Golden Cleopatra op 7th"]
[Site "Cairo"]
[Date "2003.06.07"]
[Round "6"]
[White "Malakhatko, Vadim"]
[Black "Ismail, Hamed"]
[Result "1-0"]
[WhiteElo "2503"]
[BlackElo "2314"]
[PlyCount "141"]
[EventDate "2003.06.03"]
[EventType "swiss"]
[EventRounds "10"]
[EventCountry "EGY"]
[SourceTitle "CBM 094 Extra"]
[Source "ChessBase"]
[SourceDate "2003.07.09"]
[SourceVersion "2"]
[SourceVersionDate "2003.07.09"]
[SourceQuality "1"]

1. d4 Nf6 2. Nf3 g6 3. Bg5 Bg7 4. c3 d5 5. Nbd2 c6 6. e3 h6 7. Bh4 Nbd7 8. Be2 0-0 9. 0-0 Ne4 10. Nxe4 dxe4 11. Nd2 f5 12. f3 exf3 13. Bxf3 g5 14. Bg3 e5 15. Nc4 f4 16. exf4 exf4 17. Bf2 Nf6 18. Ne5 Be6 19. Re1 Re8 20. Qc2 Bd5 21. Qg6 Bxf3 22. gxf3 Re7 23. h4 Qe8 24. hxg5 Qxg6 25. Nxg6 Rxe1+ 26. Rxe1 hxg5 27. Re7 Rb8 28. c4 a6 29. b3 Bf8 30. Nxf8 Kxf8 31. Re5 Nh7 32. d5 cxd5 33. Rxd5 Ke7 34. Bc5+ Ke6 35. Rd6+ Kf5 36. Bd4 g4 37. Rd5+ Kg6 38. fxg4 Ng5 39. Rd6+ Kf7 40. Kf1 Ne4 41. Rd5 Kg6 42. Re5 Ng5 43. Rf5 Nh3 44. Kg2 Rd8 45. Rd5 Rxd5 46. cxd5 Ng5 47. Be5 f3+ 48. Kg3 Kf7 49. Bf4 Ne4+ 50. Kxf3 Nc3 51. d6 Nxa2 52. Bd2 Ke6 53. Ke4 Kxd6 54. Kd3 b6 55. Kc2 a5 56. Kb2 Nb4 57. Bxb4+ axb4 58. Kc2 Ke5 59. Kd3 b5 60. Ke3 Kd5 61. Kf4 Kd4 62. g5 Kc3 63. g6 Kxb3 64. g7 Kc2 65. g8Q b3 66. Qg2+ Kc1 67. Qf1+ Kc2 68. Ke3 b2 69. Qd3+ Kc1 70. Qc3+ Kb1 71. Kd2 1-0

[Event "Golden Cleopatra op 7th"]
[Site "Cairo"]
[Date "2003.06.05"]
[Round "5"]
[White "Szuhanek, Ranko"]
[Black "Ismail, Hamed"]
[Result "1/2-1/2"]
[WhiteElo "2427"]
[BlackElo "2314"]
[PlyCount "54"]
[EventDate "2003.06.03"]
[EventType "swiss"]
[EventRounds "10"]
[EventCountry "EGY"]
[SourceTitle "CBM 094 Extra"]
[Source "ChessBase"]
[SourceDate "2003.07.09"]
[SourceVersion "2"]
[SourceVersionDate "2003.07.09"]
[SourceQuality "1"]

1. Nf3 Nf6 2. c4 c5 3. Nc3 Nc6 4. d4 cxd4 5. Nxd4 d6 6. e4 g6 7. Be2 Bg7 8. Be3 Bd7 9. Qd2 Rc8 10. f3 a6 11. 0-0 0-0 12. Rac1 Re8 13. Rfe1 Nxd4 14. Bxd4 Be6 15. Nd5 Bxd5 16. cxd5 Qd7 17. b3 Rxc1 18. Rxc1 Rc8 19. Rc2 Qd8 20. Be3 Nd7 21. Qc1 Nb6 22. Rxc8 Qxc8 23. Qxc8+ Nxc8 24. f4 e6 25. dxe6 fxe6 26. Bc4 Kf7 27. g4 Ne7 1/2-1/2

[Event "Tanta op 5th"]
[Site "Tanta"]
[Date "2002.05.21"]
[Round "8"]
[White "Hassan, Sayed Barakat"]
[Black "Ismail, Hamed"]
[Result "1-0"]
[WhiteElo "2355"]
[BlackElo "2287"]
[PlyCount "93"]
[EventDate "2002.05.13"]
[EventType "swiss"]
[EventRounds "9"]
[EventCountry "EGY"]
[SourceTitle "CBM 088 Extra"]
[Source "ChessBase"]
[SourceDate "2002.07.01"]
[SourceVersion "2"]
[SourceVersionDate "2002.07.01"]
[SourceQuality "1"]

1. e4 c6 2. d3 d5 3. Nd2 e5 4. Ngf3 Bd6 5. Qe2 d4 6. c3 c5 7. Nc4 Nc6 8. Nxd6+ Qxd6 9. g3 Nge7 10. Bg2 0-0 11. cxd4 cxd4 12. 0-0 f6 13. Ne1 Be6 14. f4 Nb4 15. a3 Na6 16. b4 Nc7 17. Bd2 Nb5 18. f5 Bf7 19. Nf3 Rfc8 20. g4 Rc2 21. Qf2 h6 22. h4 Kf8 23. g5 Ng8 24. Qg3 Nc3 25. Rf2 hxg5 26. hxg5 Ke7 27. Bf1 Kd7 28. Rh2 Ne7 29. Rh7 Rg8 30. Kh1 Qc6 31. Bh3 Ke8 32. Qh4 Qa6 33. Bf1 Bb3 34. gxf6 gxf6 35. Bxc3 Rxc3 36. Nxe5 Qd6 37. Ng4 Rf8 38. Re1 Kd8 39. Rh6 Ng8 40. Rh7 Kc8 41. e5 Bd5+ 42. Kg1 fxe5 43. Nxe5 Qf6 44. Qxd4 Qg5+ 45. Qg4 Rxf5 46. Bh3 Be6 47. Nf3 1-0

[Event "Tanta op 5th"]
[Site "Tanta"]
[Date "2002.05.18"]
[Round "5"]
[White "Elkadi, Abdel Rahman"]
[Black "Ismail, Hamed"]
[Result "1/2-1/2"]
[WhiteElo "2142"]
[BlackElo "2287"]
[PlyCount "118"]
[EventDate "2002.05.13"]
[EventType "swiss"]
[EventRounds "9"]
[EventCountry "EGY"]
[SourceTitle "CBM 088 Extra"]
[Source "ChessBase"]
[SourceDate "2002.07.01"]
[SourceVersion "2"]
[SourceVersionDate "2002.07.01"]
[SourceQuality "1"]

1. d4 Nf6 2. Nf3 e6 3. c4 c5 4. g3 cxd4 5. Nxd4 Qc7 6. b3 Nc6 7. Bb2 a6 8. Bg2 Be7 9. 0-0 d6 10. Nc3 Bd7 11. Rc1 Qa5 12. e3 0-0 13. Qe2 Rab8 14. Rfd1 Rfc8 15. Nc2 b5 16. cxb5 axb5 17. a3 Qb6 18. Na2 e5 19. Ncb4 Na5 20. Nd5 Nxd5 21. Bxd5 Nb7 22. Qf3 Nd8 23. Nb4 Bf8 24. h4 Qa7 25. Be4 Be6 26. Nd5 Bxd5 27. Bxd5 Qe7 28. Bc3 Kh8 29. Bb4 Ne6 30. Rc6 Rxc6 31. Bxc6 Qc7 32. Bd5 Kg8 33. Qg4 Nc5 34. Rc1 Qe7 35. Qe2 Kh8 36. Qc2 Qd7 37. Ba5 Qe7 38. b4 Ne6 39. Qb3 Qf6 40. Rc6 h6 41. Qc2 Qe7 42. Rc8 Rxc8 43. Qxc8 Kg8 44. Qb7 Qf6 45. Qxb5 g5 46. Bxe6 Qxe6 47. hxg5 hxg5 48. Qc6 Qb3 49. a4 Kg7 50. Qb5 d5 51. Bb6 Qb1+ 52. Kh2 Qh7+ 53. Kg1 Qb1+ 54. Kg2 Qe4+ 55. f3 Qc2+ 56. Kh3 Qf5+ 57. Kg2 Qc2+ 58. Kf1 Qd1+ 59. Kf2 Qc2+ 1/2-1/2

[Event "Golden Cleopatra op 6th"]
[Site "Cairo"]
[Date "2002.04.16"]
[Round "10"]
[White "Ismail, Hamed"]
[Black "Visser, Yge"]
[Result "1/2-1/2"]
[WhiteElo "2250"]
[BlackElo "2458"]
[PlyCount "71"]
[EventDate "2002.04.07"]
[EventType "swiss"]
[EventRounds "11"]
[EventCountry "EGY"]
[SourceTitle "CBM 087 Extra"]
[Source "ChessBase"]
[SourceDate "2002.05.03"]
[SourceVersion "2"]
[SourceVersionDate "2002.08.09"]
[SourceQuality "1"]

1. d4 Nf6 2. c4 g6 3. Nc3 Bg7 4. e4 d6 5. f3 0-0 6. Nge2 c5 7. Be3 Nc6 8. dxc5 dxc5 9. Qxd8 Rxd8 10. Bxc5 b6 11. Ba3 e6 12. Rd1 Bb7 13. Nc1 Nh5 14. Be2 Nf4 15. Bf1 f5 16. Bd6 Be5 17. Bxe5 Nxe5 18. exf5 gxf5 19. b3 Kf7 20. Kf2 Kf6 21. Be2 h5 22. Rxd8 Rxd8 23. Rd1 Rg8 24. Bf1 h4 25. N3e2 Nxe2 26. Bxe2 Ke7 27. Nd3 Nxd3+ 28. Bxd3 a5 29. a3 Bc6 30. Bc2 Rf8 31. g3 hxg3+ 32. hxg3 Rh8 33. Kg2 Rg8 34. Kf2 Rh8 35. Kg2 Rg8 36. Kf2 1/2-1/2

[Event "Cairo op-B"]
[Site "Cairo"]
[Date "2000.??.??"]
[Round "9"]
[White "Elsayed, Moustafa"]
[Black "Ismail, Hamed"]
[Result "1/2-1/2"]
[WhiteElo "2214"]
[BlackElo "2250"]
[PlyCount "67"]
[EventDate "2000.??.??"]
[EventType "swiss"]
[EventRounds "9"]
[EventCountry "EGY"]
[SourceTitle "EXT 2001"]
[Source "ChessBase"]
[SourceDate "2000.11.22"]
[SourceVersion "1"]
[SourceVersionDate "2000.11.22"]
[SourceQuality "1"]

1. e4 c6 2. d4 d5 3. Nc3 dxe4 4. Nxe4 Bf5 5. Ng3 Bg6 6. Nf3 Nd7 7. h4 h6 8. h5 Bh7 9. Bd3 Bxd3 10. Qxd3 Ngf6 11. Bd2 Qc7 12. 0-0-0 e6 13. Kb1 0-0-0 14. Qe2 Bd6 15. Ne4 Nxe4 16. Qxe4 Nf6 17. Qe2 Kb8 18. Ne5 c5 19. Bf4 Nd5 20. Bg3 f6 21. Ng6 Rhe8 22. Bxd6 Qxd6 23. c4 Nc7 24. dxc5 Qxc5 25. a3 a6 26. f4 a5 27. g4 Qb6 28. Rxd8+ Rxd8 29. Rd1 Rd4 30. Nf8 Qd6 31. Rxd4 Qxd4 32. Nxe6 Nxe6 33. Qxe6 Qxf4 34. Ka2 1/2-1/2

[Event "Cairo op-B"]
[Site "Cairo"]
[Date "2000.??.??"]
[Round "4"]
[White "Ismail, Hamed"]
[Black "Abdel Aziz, Shehab"]
[Result "1-0"]
[WhiteElo "2250"]
[BlackElo "2116"]
[PlyCount "121"]
[EventDate "2000.??.??"]
[EventType "swiss"]
[EventRounds "9"]
[EventCountry "EGY"]
[SourceTitle "EXT 2001"]
[Source "ChessBase"]
[SourceDate "2000.11.22"]
[SourceVersion "1"]
[SourceVersionDate "2000.11.22"]
[SourceQuality "1"]

1. d4 f5 2. c4 Nf6 3. g3 e6 4. Nc3 Be7 5. Bg2 0-0 6. Nf3 d6 7. 0-0 c5 8. dxc5 dxc5 9. Bf4 Nh5 10. Qxd8 Rxd8 11. Bxb8 Rxb8 12. Rad1 a6 13. Ne5 Nf6 14. Na4 Nd7 15. Nxd7 Bxd7 16. Nb6 Be8 17. b3 Bf6 18. Bf3 Kf8 19. e3 Ke7 20. Na4 Rdc8 21. Nb6 Rc7 22. Rd3 Bc6 23. Bxc6 Rxc6 24. Nd7 Rg8 25. Rfd1 Rc7 26. Nb6 Rb8 27. Kf1 Rc6 28. Nd7 Re8 29. f4 Kf7 30. Ke2 Kg6 31. Kf3 e5 32. fxe5 Bxe5 33. Rd5 Rce6 34. Nxc5 R6e7 35. R1d3 b5 36. cxb5 axb5 37. Nd7 Bb2 38. Rxb5 Bc1 39. a4 Bxe3 40. Ne5+ Rxe5 41. Rxe5 Rxe5 42. Rxe3 Ra5 43. Re6+ Kg5 44. h4+ Kh5 45. Kf4 g6 46. Re5 Ra7 47. Rb5 h6 48. a5 Rf7 49. a6 g5+ 50. hxg5 hxg5+ 51. Kf3 f4 52. b4 fxg3+ 53. Kxg3 Rc7 54. Rb7 Rc3+ 55. Kf2 g4 56. a7 Ra3 57. b5 g3+ 58. Ke2 Kg4 59. Rg7+ Kf4 60. b6 Ra2+ 61. Kd3 1-0

[Event "Tanta op 2nd"]
[Site "Tanta"]
[Date "1998.11.18"]
[Round "3"]
[White "Ismail, Hamed"]
[Black "Sarwat, Walaa"]
[Result "0-1"]
[WhiteElo "2245"]
[BlackElo "2315"]
[PlyCount "68"]
[EventDate "1998.11.16"]
[EventType "swiss"]
[EventRounds "9"]
[EventCountry "EGY"]
[SourceTitle "CBM 067 Extra"]
[Source "ChessBase"]
[SourceDate "1999.01.01"]
[SourceVersion "1"]
[SourceVersionDate "1999.01.01"]
[SourceQuality "1"]

1. c4 e5 2. Nc3 Nf6 3. Nf3 Nc6 4. d4 exd4 5. Nxd4 Bb4 6. Qd3 0-0 7. a3 Ne5 8. Qc2 Bxc3+ 9. Qxc3 d5 10. e3 Ne4 11. Qc2 Ng4 12. Be2 Ngxf2 13. 0-0 c5 14. Nb3 Ng4 15. cxd5 Qxd5 16. Rf4 Ngf6 17. Bd3 Re8 18. Bc4 Qe5 19. Nd2 Bf5 20. Nf3 Nd6 21. Bxf7+ Nxf7 22. Rxf5 Qe6 23. Rxc5 Rac8 24. Bd2 Ne4 25. Rxc8 Rxc8 26. Qd3 Rd8 27. Nd4 Qg6 28. Bb4 Nfg5 29. Qb3+ Kh8 30. g3 h5 31. Rf1 h4 32. Kg2 Qh5 33. Rf4 hxg3 34. h4 Rxd4 0-1